00653nam a2200169 a 450000100100000000500170001000800410002704000250006808200160009311000330010924501030014226000770024530000210032204900090034395201140035299900170046600003230220200930063612.0110714s1954 dr 000 0 spa d aDO-SdBNPbspacBNPHU axxxxbR426m1 aRepública Dominicana.944710aMemoria de la Secretaría de Estado de Guerra, Marina y Aviación correspondiente al año 1953. aCiudad Trujillo, República Dominicana :bImpresora Arte y Cine,c1954. a716 p. ;c21 cm. aBNPD 0010718PDaPDbPDcCTd2011-07-14iLF1l0oxxxx R426mp32302-10r2020-06-25w2020-06-25yLFPDZNo se presta c31793d31793